| 000 | 01209nam a2200229Ia 4500 | ||
|---|---|---|---|
| 001 | L180-1655 | ||
| 003 | IT-CnALBA | ||
| 008 | 170116s9999||||xx |||||||||||||| ||und|| | ||
| 040 |
_aIT-CnALBA _cIT-CnALBA |
||
| 041 | _aITALIANO | ||
| 100 | _aPLATONE | ||
| 245 | 0 | _aREPUBBLICA (LA). IL PROBLEMA ESTETICO. | |
| 250 | _a1a ed. | ||
| 260 |
_aMILANO _bSIGNORELLI CARLO, EDITORE _c1937 [1° Ed.:1937 - Ed.Ling.Originale: 1937] |
||
| 300 | _a142 p. | ||
| 500 | _aTRADUZIONE DI M. C. INTRODUZIONE E NOTE GABIBBE GIORGIO. LA REPUBBLICA. PROBLEMA ESTETICO IN PLATONE. EDUCAZIONE. MITI DIVINI. NATURA DIVINA. METAMORFOSI DEGLI DEI. RAPPRESENTAZIONE DELL'OLTRETOMBA E PROBLEMA DEI TRAPASSATI. POESIA: DRAMMATICA LIRICA EPIC | ||
| 501 | _aSocietà San Paolo EM - Piazza San Paolo, 14 - 12051 ALBA (CN) (non commercial uses only) ® Copyright 2017 | ||
| 520 | _aTRADUZIONE DI M. C. INTRODUZIONE E NOTE GABIBBE GIORGIO. LA REPUBBLICA. PROBLEMA ESTETICO IN PLATONE. EDUCAZIONE. MITI DIVINI. NATURA DIVINA. METAMORFOSI DEGLI DEI. RAPPRESENTAZIONE DELL'OLTRETOMBA E PROBLEMA DEI TRAPASSATI. POESIA: DRAMMATICA LIRICA EPIC | ||
| 650 | _aFILOSOFIA ANTICA MEDIOEVALE ORIENTALE | ||
| 942 | _cBK | ||
| 957 | _71 | ||
| 999 |
_a2642 _bSI _g Copie: 1 _c260879 _d260879 |
||